000 01115pab a2200157 454500
008 180718b2004 xxu||||| |||| 00| 0 eng d
100 _aSrinivasan, M.S.
245 _aBusiness and the future: towards a new paradigm based on yoga
260 _c2004
300 _ap.53-61.
362 _aJan-Jun
520 _aBusiness is a representative institution of our times; it represents the spirit of our age. Modern business in general has displaced a remarkable ability to change. But the change yet to come will be something unprecedented. What is the nature of this change? What is the type of vision and strategy that will help business as a social institution, and the organizations that are part of it, to navigate this evolutionary transition successfully? Or, in other words, what is the nature of the paradigm shift needed to manage future change? These are the main questions business leaders and managers will be facing in the future. This article examines these questions in the light of Sri Aurobindo's vision. - Reproduced.
650 _aEnterprises
773 _aJournal of Human Values
909 _a60606
999 _c60606
_d60606